Electro /
Ray, de 17 años, despierta atrapado en un futuro ajeno. Origen, su ciudad natal, se ha convertido en un lugar inhóspito y todos a quienes ama han desaparecido sin dejar rastro. Guiado por un misterioso diario fechado cuatro años después de su tiempo y por una fugitiva llamada Eden, Ray comienza a de...
Guardado en:
| Autor Principal: | |
|---|---|
| Otros Autores: | |
| Formato: | Libro |
| Idioma: | Undetermined |
| Publicado: |
Buenos Aires :
SM,
2015.
|
| Edición: | 1a ed. |
| Materias: | |
| Etiquetas: |
Agregar Etiqueta
Sin Etiquetas, Sea el primero en etiquetar este registro!
|
| LEADER | 01149nam a22002175a 4500 | ||
|---|---|---|---|
| 001 | CEM.cems020734 | ||
| 008 | 231206s2015####ag############000#0#und#d | ||
| 005 | 20231206155023.0 | ||
| 245 | 1 | 0 | |a Electro / |c Javier Ruescas y Manu Carbajo. |
| 250 | |a 1a ed. | ||
| 260 | |a Buenos Aires : |b SM, |c 2015. | ||
| 300 | |a 432 p. | ||
| 500 | |a Este es el primer libro de una trilogía. Lo siguen Aura y Némesis. | ||
| 520 | |a Ray, de 17 años, despierta atrapado en un futuro ajeno. Origen, su ciudad natal, se ha convertido en un lugar inhóspito y todos a quienes ama han desaparecido sin dejar rastro. Guiado por un misterioso diario fechado cuatro años después de su tiempo y por una fugitiva llamada Eden, Ray comienza a descubrir los peligros de esta nueva realidad plagada de inquietantes secretos y llena de salvajes criaturas semihumanas y de personas cuyos corazones dependen de energía externa para latir. | ||
| 020 | |a 9789877312355 | ||
| 100 | 1 | |a Ruescas, Javier. | |
| 700 | 1 | |a Carbajo, Manu. | |
| 653 | |a Literatura española | ||
| 653 | |a Novela española | ||
| 653 | |a Ciencia ficción | ||
| 859 | |a CEMS |b BIB. CEMS - 11 de abril |h 863.3 |i R837 |p 29801.23 |t Ej.1 | ||
